| 000 | 01815cam a22004457a 4500 | ||
|---|---|---|---|
| 003 | CHAP | ||
| 005 | 20220817043634.0 | ||
| 008 | 000313d1993 it rn 00110 spa d | ||
| 010 | _a80403 | ||
| 011 | _a81375 | ||
| 035 | _a91844 | ||
| 040 | _cCHAP | ||
| 082 | 0 | 4 |
_a639.7 _bF31Y v.13 |
| 110 | 2 | _aFAO | |
| 245 | 1 | 0 |
_aSituación actual de la industria de macroalgas productoras de ficocoloides en América Latina y el Caribe : _bproyecto aquila II _c/ed. por José A. Zertuche González |
| 260 |
_aRoma : _bFAO, _c1993. |
||
| 300 | _a56 p. : | ||
| 410 | _aFAO | ||
| 490 | 0 |
_aDocumento de campo _v; 13 |
|
| 590 |
_aBATCH-UPD _b10 _c20130110 _lUCH01 _h0721 |
||
| 590 |
_aBATCH-UPD _b10 _c20130110 _lUCH01 _h2336 |
||
| 590 |
_aBATCH-UPD _b10 _c20130410 _lUCH01 _h0406 |
||
| 590 |
_aBATCH-UPD _b10 _c20130914 _lUCH01 _h0047 |
||
| 590 |
_aCONVERSION _b10 _c20130109 _lUCH01 _h1345 |
||
| 650 | 1 | 4 |
_aAlgas. _93947 |
| 650 | 1 | 4 |
_aProductos pesqueros _xMercadeo. _992210 |
| 700 | 0 |
_aZertuche González, José A. _eed. _9123972 |
|
| 810 | 0 | _aFAO | |
| 830 | 0 | 0 |
_aDocumento de campo _v; 13 _933219 |
| 901 | _aBK | ||
| 905 | _aLilia Sánchez G. | ||
| 942 | _cLIBRO | ||
| 949 |
_a639.7 F31Y v.13 _bBC _cFAO _d33724000739397 _eFAO2 _fc.3 _h96837 _i91844 _kDonaciØn _sb |
||
| 949 |
_a639.7 F31Y v.13 _bBC _cFAO _d33724000739520 _eFAO2 _fc.2 _h96836 _i91844 _kDonaciØn _sb |
||
| 949 |
_a639.7 F31Y v.13 _bBC _cFAO _d33724000739538 _eFAO1 _h96835 _i91844 _kDonaciØn _sb |
||
| 949 |
_a639.7 F31Y v.13 _bBC _cFAO _d33724000748539 _eFAO2 _fc.7 _h96971 _i91844 _kDonaciØn _sb |
||
| 949 |
_a639.7 F31Y v.13 _bBC _cFAO _d33724000748547 _eFAO2 _fc.6 _h96970 _i91844 _kDonaciØn _sb |
||
| 949 |
_a639.7 F31Y v.13 _bBC _cFAO _d33724000748554 _eFAO2 _fc.5 _h96969 _i91844 _kDonaciØn _sb |
||
| 949 |
_a639.7 F31Y v.13 _bBC _cFAO _d33724000748562 _eFAO2 _fc.4 _h96968 _i91844 _kDonaciØn _sb |
||
| 999 |
_c80403 _d80403 |
||